LEADER 02288nam 2200565 450 001 9910658956403321 005 20200520144314.0 010 $a1-78310-409-0 035 $a(CKB)3710000000348520 035 $a(EBL)1938155 035 $a(SSID)ssj0001500325 035 $a(PQKBManifestationID)11927784 035 $a(PQKBTitleCode)TC0001500325 035 $a(PQKBWorkID)11519068 035 $a(PQKB)10205834 035 $a(MiAaPQ)EBC4357232 035 $a(MiAaPQ)EBC1938155 035 $a(Au-PeEL)EBL4357232 035 $a(CaPaEBR)ebr11284181 035 $a(OCoLC)961450729 035 $a(EXLCZ)993710000000348520 100 $a20161024h20142014 uy 0 101 0 $ager 135 $aur|n|---||||| 181 $ctxt 182 $cc 183 $acr 200 10$a1000 Meisterwerke der Bildhauerei /$fJoseph Manca, Patrick Bade, Sarah Costello 210 1$aLondon, [England] :$cSirrocco,$d[2014] 210 4$dİ[2014] 215 $a1 online resource (544 p.) 300 $aIncludes index. 311 $a1-84484-418-8 311 $a1-78310-935-1 327 $aInhalt; Einleitung; Antike; Mittelalter; Renaissance; Barock; Moderne; Glossar; Biographien; Chronologie; Index 330 $aVon ihren pra?historischen Anfa?ngen bis zur konzeptionellen Moderne des 20. Jahrhunderts hat die Skulptur die Welt der Kunst buchsta?blich und im u?bertragenen Sinn geformt. Einen einheitlichen Blick auf die Entwicklung der Formen in allen Epochen und Zivilisationen ero?ffnend, pra?sentiert dieses Werk die Meisterwerke der Bildhauerei, die mit ihrer Zeitlosigkeit die heutige Auffassung von Scho?nheit pra?gten. Als Spiegelbild von A?ra, Ku?nstler oder der O?ffentlichkeit ist diese hochwertige Zusammenstellung mit ihren zahlreichen Referenzen, Bildkommentaren und Biografien der Ku?nstler nicht nur eine off 606 $aSculpture$xHistory$vJuvenile literature 608 $aElectronic books. 615 0$aSculpture$xHistory 676 $a730.9 700 $aManca$b Joseph$0724886 702 $aBade$b Patrick 702 $aCostello$b Sarah 801 0$bMiAaPQ 801 1$bMiAaPQ 801 2$bMiAaPQ 906 $aBOOK 912 $a9910658956403321 996 $a1000 Meisterwerke der Bildhauerei$92772612 997 $aUNINA LEADER 03040nam 2200685Ia 450 001 9910957167803321 005 20251116174121.0 010 $a9786611372842 010 $a9781281372840 010 $a1281372846 010 $a9789812702371 010 $a9812702377 035 $a(CKB)1000000000334348 035 $a(EBL)296053 035 $a(OCoLC)476063108 035 $a(SSID)ssj0000097649 035 $a(PQKBManifestationID)11116712 035 $a(PQKBTitleCode)TC0000097649 035 $a(PQKBWorkID)10115786 035 $a(PQKB)11146019 035 $a(MiAaPQ)EBC296053 035 $a(WSP)00005672 035 $a(Au-PeEL)EBL296053 035 $a(CaPaEBR)ebr10174032 035 $a(Perlego)849305 035 $a(EXLCZ)991000000000334348 100 $a20050325d2004 uy 0 101 0 $aeng 135 $aur|n|---||||| 181 $ctxt 182 $cc 183 $acr 200 10$aAdvanced courses of mathematical analysis I $eproceedings of the first international school : Cadiz, Spain, 22-27 September 2002 /$feditors, A. Aizpuru-Tomas, F. Leon-Sa Avedra 205 $a1st ed. 210 $aSingapore ;$aHackensack, NJ $cWorld Scientific$dc2004 215 $a1 online resource (164 p.) 300 $a"The Course was held in 2002, from September 23 to 27, in the historical part of Cadiz, a beautiful city surrounded by the Atlantic Ocean"--Preface. 311 08$a9789812560605 311 08$a9812560602 320 $aIncludes bibliographical references. 327 $aContents; Introduction to the Uniform Classification of Banach Spaces Y. Benyamini; An Introduction to Local Duality for Banach Spaces M. Gonzalez; Orbits of Operators V. Muller; Genericity in Nonexpansive Mapping Theory E. Matouikovci, S. Reach and A . J . Zaslavski; Absolute-Valued Algebras, and Absolute-Valuable Banach Spaces A . R. Palacios 330 $aThis volume consists of a collection of articles from experts with a rich research and educational experience. The contributors of this volume are: Y Benyamini, M Gonza?lez, V Mu?ller, S Reich, E Matouskova, A J Zaslavski and A R Palacios. Each of their work is invaluable. For example, Benyamini's is the only updated survey of the exciting and active area of the classification of Banach spaces under uniformly continuous maps while Gonza?lez's article is a pioneer introduction to the theory of local duality for Banach spaces. 606 $aMathematical analysis$vCongresses 606 $aBanach spaces$vCongresses 606 $aInvariant subspaces 606 $aNonexpansive mappings 615 0$aMathematical analysis 615 0$aBanach spaces 615 0$aInvariant subspaces. 615 0$aNonexpansive mappings. 676 $a515 701 $aAizpuru-Toma?s$b A$01891459 701 $aLeo?n-Saavedra$b F$01891460 801 0$bMiAaPQ 801 1$bMiAaPQ 801 2$bMiAaPQ 906 $aBOOK 912 $a9910957167803321 996 $aAdvanced courses of mathematical analysis I$94534566 997 $aUNINA